|
|
|
|
| LEADER |
00000nab a2200000 a 4500 |
| 001 |
vtls000301123 |
| 003 |
SK-MaSNL |
| 005 |
20260304014330.0 |
| 008 |
241209c1988 xo 0 slo |
| 015 |
|
|
|a SNBRB19rr/mm-uuuuu
|
| 035 |
|
|
|a CL0311242
|
| 040 |
|
|
|a SNKBUCL
|b slo
|c SNKBUCL
|e AACR2
|
| 041 |
1 |
|
|a slo
|h rus
|
| 044 |
|
|
|a xo
|c SK
|
| 080 |
|
|
|a 882-1
|2 1981
|
| 100 |
1 |
|
|a Lavlinskij, Leonard Illarionovič, 1930-
|4 aut
|9 1295031
|
| 245 |
1 |
0 |
|a Topole
|c Leonard Lavlinskij ; preložil Juraj Andričík
|
| 655 |
|
7 |
|a články z novín a časopisov
|2 snkbucl
|9 267496
|
| 655 |
|
7 |
|a články z odboru literárna veda a krásna literatúra
|2 snkbucl
|9 770045
|
| 655 |
|
7 |
|a ruská poézia
|2 snkbucl
|9 70731
|
| 700 |
1 |
|
|a Andričík, Juraj,
|d 1937-2017
|4 trl
|9 171047
|
| 773 |
0 |
|
|t Revue svetovej literatúry
|g Roč. 24, č. 1 (1988), s. 144
|
| 850 |
|
|
|a Slovenská národná knižnica v Martine
|
| 852 |
|
|
|a Slovenská národná knižnica v Martine
|
| 954 |
|
|
|a beletria cudzojazyčná (svetová)
|2 lita
|
| 958 |
|
|
|a RK
|
| 958 |
|
|
|a LX
|
| 958 |
|
|
|a SU
|
| 999 |
|
|
|c 2583607
|d 2585537
|